[Event "Sofia Spring op 1st"]
[Site "Sofia"]
[Date "2025.05.29"]
[Round "9"]
[White "Risteski, Emil"]
[Black "Ouellet, Maili Jade"]
[Result "1/2-1/2"]
[WhiteElo "2359"]
[BlackElo "2305"]
[PlyCount "128"]
[EventDate "2025.05.23"]
[EventType "swiss"]
[EventRounds "9"]
[EventCountry "BUL"]
[SourceTitle "CB23_2025"]
[SourceDate "2025.06.04"]
[SourceVersion "1"]
[SourceVersionDate "2025.06.04"]
[SourceQuality "1"]

1. e4 e5 2. Nf3 Nc6 3. Bc4 Bc5 4. c3 Nf6 5. d3 a5 6. 0-0 d6 7. Re1 0-0 8. h3 Be6 9. b3 h6 10. Nbd2 Ba7 11. Qc2 Ne7 12. d4 Ng6 13. Bf1 Re8 14. dxe5 dxe5 15. Nc4 Nd7 16. Nxa5 Bxf2+ 17. Qxf2 Rxa5 18. Be3 Qa8 19. Qc2 c6 20. a4 b5 21. Qd1 Rb8 22. Nd2 Qb7 23. b4 Rxa4 24. Rxa4 bxa4 25. Qxa4 Ra8 26. Qc2 Ra2 27. Qb1 Nf4 28. c4 Qa8 29. b5 cxb5 30. Qxb5 Qa3 31. Qb3 Qa5 32. Qb5 Qc3 33. Qb3 Qa5 34. Nf3 Kh7 35. Bf2 Ra3 36. Qb5 Qc7 37. Re3 Ra1 38. Ne1 Nc5 39. Qb2 Ra4 40. Qc3 f6 41. Nf3 Qc6 42. Nd2 Ra2 43. Re1 Qd6 44. Nb3 Rxf2 45. Kxf2 Ncd3+ 46. Bxd3 Nxd3+ 47. Ke2 Nxe1 48. Kxe1 Qc6 49. Nd2 Qc5 50. Ke2 Kg8 51. Qd3 Kf7 52. Qc3 g6 53. g4 Ke7 54. Qb3 Bd7 55. Qb7 h5 56. gxh5 gxh5 57. h4 Qc6 58. Qxc6 Bxc6 59. Kd3 Ke6 60. Ke3 f5 61. exf5+ Kxf5 62. Nf3 Bb7 63. Ng5 Ba6 64. Ne4 Bxc4 1/2-1/2

[Event "Sofia Spring op 1st"]
[Site "Sofia"]
[Date "2025.05.26"]
[Round "6"]
[White "Ouellet, Maili Jade"]
[Black "Dimitrov, Radoslav"]
[Result "1/2-1/2"]
[WhiteElo "2305"]
[BlackElo "2474"]
[PlyCount "94"]
[EventDate "2025.05.23"]
[EventType "swiss"]
[EventRounds "9"]
[EventCountry "BUL"]
[SourceTitle "CB23_2025"]
[SourceDate "2025.06.04"]
[SourceVersion "1"]
[SourceVersionDate "2025.06.04"]
[SourceQuality "1"]

1. d4 d6 2. e4 Nf6 3. f3 e5 4. d5 Be7 5. Be3 0-0 6. Qd2 c6 7. c4 a5 8. Nc3 Na6 9. Nge2 Nd7 10. Nc1 Ndc5 11. Nd3 f5 12. 0-0-0 a4 13. Kb1 Nxd3 14. Bxd3 f4 15. Bf2 a3 16. b3 c5 17. Qe2 Nb4 18. Be1 Bd7 19. Bd2 Qe8 20. Rdg1 Bd8 21. Qf1 Nxd3 22. Qxd3 Ba5 23. g3 fxg3 24. Rxg3 Qh5 25. Kc2 Rf7 26. Qe2 Raf8 27. Rf1 Bd8 28. f4 Qxe2 29. Nxe2 g6 30. f5 Kh8 31. fxg6 hxg6 32. Rxf7 Rxf7 33. Rxg6 Be7 34. h4 Rf2 35. Ng3 Rg2 36. h5 Be8 37. Re6 Rxg3 38. Rxe7 Bxh5 39. Rxb7 Bg6 40. Ra7 Bxe4+ 41. Kd1 Bf3+ 42. Ke1 Rg2 43. Rxa3 e4 44. Ra6 Rg1+ 45. Kf2 Rg2+ 46. Ke1 Rg1+ 47. Kf2 Rg2+ 1/2-1/2

[Event "Sofia Spring op 1st"]
[Site "Sofia"]
[Date "2025.05.23"]
[Round "1"]
[White "Ouellet, Maili Jade"]
[Black "Omota, Vlad"]
[Result "1-0"]
[WhiteElo "2305"]
[BlackElo "1989"]
[PlyCount "53"]
[EventDate "2025.05.23"]
[EventType "swiss"]
[EventRounds "9"]
[EventCountry "BUL"]
[SourceTitle "CB23_2025"]
[SourceDate "2025.06.04"]
[SourceVersion "1"]
[SourceVersionDate "2025.06.04"]
[SourceQuality "1"]

1. d4 Nf6 2. c4 g6 3. Nc3 Bg7 4. e4 d6 5. h3 0-0 6. Be3 e5 7. d5 Nbd7 8. g4 Nc5 9. f3 a5 10. Nge2 Ne8 11. h4 f5 12. exf5 gxf5 13. g5 Qe7 14. Qd2 e4 15. f4 c6 16. Ng3 Nc7 17. Bxc5 dxc5 18. d6 Qd7 19. dxc7 Qxc7 20. 0-0-0 a4 21. Nh5 Bd4 22. a3 Qf7 23. Nf6+ Kh8 24. Rh3 Be6 25. Qc2 Bxc4 26. Bxc4 Qxc4 27. Nd7 1-0

[Event "Stockholm Hotel N GM 3rd"]
[Site "Upplands Vasby"]
[Date "2025.05.06"]
[Round "7"]
[White "Stefansson, Vignir Vatnar"]
[Black "Ouellet, Maili Jade"]
[Result "1-0"]
[WhiteElo "2528"]
[BlackElo "2305"]
[PlyCount "119"]
[EventDate "2025.05.03"]
[EventType "tourn"]
[EventRounds "10"]
[EventCountry "SWE"]
[EventCategory "7"]
[SourceTitle "CB19_2025"]
[SourceDate "2025.05.07"]
[SourceVersion "1"]
[SourceVersionDate "2025.05.07"]
[SourceQuality "1"]

1. d4 Nf6 2. c4 e6 3. g3 Bb4+ 4. Nd2 c5 5. a3 Bxd2+ 6. Qxd2 Nc6 7. dxc5 Ne4 8. Qe3 Qa5+ 9. Bd2 Nxd2 10. Qxd2 Qxc5 11. Rc1 Qd4 12. Nf3 Qxd2+ 13. Nxd2 b6 14. Bg2 Bb7 15. 0-0 Ke7 16. Rfd1 d6 17. f4 Rhd8 18. Kf2 Rac8 19. Rc3 Rc7 20. Rd3 Na5 21. Bxb7 Nxb7 22. e4 Na5 23. b3 a6 24. Nf3 b5 25. e5 d5 26. cxd5 Rxd5 27. Rxd5 exd5 28. Nd4 g6 29. Rd3 Rc1 30. g4 Ra1 31. f5 Ra2+ 32. Kg3 gxf5 33. gxf5 f6 34. e6 Rxa3 35. Kf4 Ra1 36. Rh3 Re1 37. Rxh7+ Ke8 38. b4 Re4+ 39. Kf3 Rxd4 40. bxa5 b4 41. Ra7 b3 42. Rb7 Rh4 43. Kg3 Rh5 44. Kg4 Rxh2 45. Rxb3 Rg2+ 46. Rg3 Ra2 47. Rb3 Rg2+ 48. Kf3 Ra2 49. Rb8+ Ke7 50. Rb7+ Ke8 51. Rf7 Rxa5 52. Rxf6 Ra1 53. Kf4 Re1 54. Rf7 d4 55. Rd7 a5 56. Rxd4 Rb1 57. Rd7 a4 58. Ra7 Kd8 59. f6 Rf1+ 60. Ke4 1-0

[Event "Stockholm Hotel N GM 3rd"]
[Site "Upplands Vasby"]
[Date "2025.05.03"]
[Round "1"]
[White "Talukdar, Rohan Shyam"]
[Black "Ouellet, Maili Jade"]
[Result "1-0"]
[WhiteElo "2362"]
[BlackElo "2305"]
[PlyCount "173"]
[EventDate "2025.05.03"]
[EventType "tourn"]
[EventRounds "10"]
[EventCountry "SWE"]
[EventCategory "7"]
[SourceTitle "CB19_2025"]
[SourceDate "2025.05.07"]
[SourceVersion "1"]
[SourceVersionDate "2025.05.07"]
[SourceQuality "1"]

1. c4 e6 2. Nc3 d5 3. d4 Nf6 4. cxd5 exd5 5. Bg5 c6 6. e3 Bf5 7. Qf3 Bg6 8. Bxf6 Qxf6 9. Qxf6 gxf6 10. h4 h5 11. Rd1 Nd7 12. Bd3 a5 13. Nge2 Bd6 14. Rh3 Rg8 15. Kf1 a4 16. Rf3 b5 17. Nf4 Ke7 18. Re1 b4 19. Nce2 Bxd3 20. Nxd3 Nb6 21. b3 axb3 22. axb3 Ra3 23. Nec1 Ke6 24. e4 dxe4 25. Rxe4+ Kd5 26. Ree3 Ra1 27. Rxf6 Rg6 28. Rxg6 fxg6 29. Ke2 Nc8 30. Kd2 Ne7 31. Ne2 Ra2+ 32. Kd1 Nf5 33. Re8 Ra1+ 34. Kc2 Nxh4 35. g3 Nf5 36. Rg8 Ra2+ 37. Nb2 Nxd4+ 38. Nxd4 Kxd4 39. Rxg6 Kd5 40. Kb1 Ra8 41. Nc4 Bc5 42. Rg5+ Kd4 43. Rxh5 Be7 44. Kc2 Ra2+ 45. Nb2 Bf6 46. Rf5 Bg7 47. Rf7 Bh8 48. Kb1 Ra3 49. Rf4+ Kc3 50. Rf3+ Kd4 51. g4 c5 52. Nc4 Ra1+ 53. Kxa1 Ke4+ 54. Kb1 Kxf3 55. g5 Kf4 56. Nd6 Bd4 57. g6 Kg5 58. Nb5 Bf6 59. Kc2 Kxg6 60. Kd3 Bh4 61. f3 Kf5 62. Kc4 Bf2 63. Nc7 Ke5 64. Nd5 Kd6 65. Nf4 Bg1 66. Ng6 Ke6 67. Nf4+ Kd6 68. Ne2 Be3 69. Ng3 Kc6 70. Ne4 Kb6 71. Kd5 Kb5 72. Nd6+ Ka6 73. Nc4 Bd4 74. Kc6 Ka7 75. f4 Kb8 76. Kd7 Kb7 77. f5 Bc3 78. Ke6 Kc6 79. f6 Bxf6 80. Kxf6 Kd5 81. Na5 Kd6 82. Kf7 Kd5 83. Ke7 Ke5 84. Kd7 Kd5 85. Kc7 Kd4 86. Kd6 c4 87. Nxc4 1-0

[Event "Karlsruhe Grenke op"]
[Site "Karlsruhe"]
[Date "2025.04.21"]
[Round "8"]
[White "Schmidek, Emil"]
[Black "Ouellet, Maili Jade"]
[Result "1-0"]
[WhiteElo "2435"]
[BlackElo "2317"]
[PlyCount "101"]
[EventDate "2025.04.17"]
[EventType "swiss"]
[EventRounds "9"]
[EventCountry "GER"]
[SourceTitle "CB17_2025"]
[SourceDate "2025.04.23"]
[SourceVersion "1"]
[SourceVersionDate "2025.04.23"]
[SourceQuality "1"]

1. d4 d5 2. c4 c6 3. Nc3 Nf6 4. Nf3 e6 5. e3 Nbd7 6. Qc2 Bd6 7. b3 0-0 8. Bb2 Qe7 9. Be2 a6 10. 0-0 e5 11. dxe5 Nxe5 12. cxd5 cxd5 13. Rfd1 Rd8 14. Nxd5 Nxd5 15. Rxd5 Nxf3+ 16. Bxf3 Bxh2+ 17. Kf1 Rxd5 18. Bxd5 Bd6 19. Qe4 Qxe4 20. Bxe4 a5 21. Rd1 Be7 22. Be5 a4 23. Bd5 axb3 24. axb3 Ra5 25. e4 Be6 26. f4 Bxd5 27. exd5 f6 28. Bc7 Rc5 29. d6 Kf7 30. Re1 Bxd6 31. Bxd6 Rd5 32. Ba3 Ra5 33. Bb4 Rb5 34. Re4 Kg6 35. Ke2 Kf5 36. Kf3 h5 37. Rc4 b6 38. Rd4 g6 39. g3 g5 40. fxg5 fxg5 41. Ke3 Ke5 42. Kd3 g4 43. Re4+ Kf5 44. Rf4+ Kg6 45. Rd4 Rf5 46. Re4 b5 47. Kd4 Kf6 48. Be7+ Kf7 49. Bh4 Kg6 50. Re6+ Kf7 51. Re5 1-0

[Event "SVK-chT 2425"]
[Site "Slovakia"]
[Date "2025.03.16"]
[Round "8.4"]
[White "Rak, Martin"]
[Black "Ouellet, Maili Jade"]
[Result "0-1"]
[WhiteElo "2064"]
[BlackElo "2333"]
[PlyCount "68"]
[EventDate "2024.11.23"]
[EventType "team-tourn"]
[EventRounds "11"]
[EventCountry "SVK"]
[SourceTitle "CB14_2025"]
[SourceDate "2024.11.01"]
[SourceVersion "1"]
[SourceVersionDate "2024.11.01"]
[SourceQuality "1"]
[WhiteTeam "Bratislava KSN"]
[BlackTeam "Liptov Chess School"]
[WhiteTeamCountry "SVK"]
[BlackTeamCountry "SVK"]

1. e4 c5 2. Nf3 Nc6 3. Bb5 d6 4. 0-0 Bd7 5. Re1 a6 6. Bf1 Bg4 7. d3 e5 8. Nbd2 g6 9. g3 Bg7 10. Bg2 h6 11. c3 Nge7 12. h3 Be6 13. Nb3 Qd7 14. Kh2 0-0 15. d4 exd4 16. cxd4 Bxb3 17. Qxb3 cxd4 18. Bf4 g5 19. Bd2 Rad8 20. Rad1 Kh8 21. Bxg5 hxg5 22. Nxg5 Ng8 23. f4 Rde8 24. Bf3 Nh6 25. Bg4 Nxg4+ 26. hxg4 Bh6 27. Nf3 Qxg4 28. Nh4 Bxf4 29. Nf5 Be3 30. Rxe3 dxe3 31. Rh1 Re6 32. Kg2+ Kg8 33. Rh4 Qe2+ 34. Kg1 Ne5 0-1

[Event "SVK-chT 2425"]
[Site "Slovakia"]
[Date "2025.02.16"]
[Round "6.5"]
[White "Juhasz, Agoston Botond"]
[Black "Ouellet, Maili Jade"]
[Result "1/2-1/2"]
[WhiteElo "2425"]
[BlackElo "2333"]
[PlyCount "114"]
[EventDate "2024.11.23"]
[EventType "team-tourn"]
[EventRounds "11"]
[EventCountry "SVK"]
[SourceTitle "CB14_2025"]
[SourceDate "2024.11.01"]
[SourceVersion "1"]
[SourceVersionDate "2024.11.01"]
[SourceQuality "1"]
[WhiteTeam "Dunajska Streda"]
[BlackTeam "Liptov Chess School"]
[WhiteTeamCountry "SVK"]
[BlackTeamCountry "SVK"]

1. e4 e5 2. Nf3 Nc6 3. Bb5 Nge7 4. Nc3 Ng6 5. h4 Nd4 6. h5 Nf4 7. Nxd4 exd4 8. Qf3 Bd6 9. Ne2 Nxe2 10. Bxe2 h6 11. d3 a5 12. a3 a4 13. Qg4 Be5 14. f4 Bf6 15. Qf3 0-0 16. Bd2 Ra6 17. g4 Bh4+ 18. Kf1 Rb6 19. Rb1 Be7 20. Kg2 d5 21. Ba5 Rb5 22. Be1 c5 23. Bd2 f6 24. exd5 f5 25. gxf5 Bxf5 26. b3 Qb8 27. bxa4 Rxb1 28. Rxb1 Bd6 29. Qg3 Bd7 30. Rf1 Rf5 31. Qh4 Rxd5 32. Bf3 Rf5 33. Be4 Rf6 34. a5 Qc7 35. Kh1 Bc6 36. f5 c4 37. Bb4 Bxb4 38. axb4 cxd3 39. cxd3 Qf7 40. Kg1 Bxe4 41. Qxe4 Qxh5 42. Qxb7 Qg5+ 43. Qg2 Qe3+ 44. Kh1 Qxd3 45. Rg1 Rf7 46. f6 g5 47. Rf1 Qb5 48. Qa8+ Rf8 49. Qf3 Qxb4 50. a6 Qc3 51. Qf5 Rf7 52. Qe6 Qd3 53. Kg2 Qe3 54. Qd5 Qe2+ 55. Rf2 Qg4+ 56. Kh2 Qh4+ 57. Kg2 Qg4+ 1/2-1/2

[Event "SVK-chT 2425"]
[Site "Slovakia"]
[Date "2025.02.15"]
[Round "5.5"]
[White "Ouellet, Maili Jade"]
[Black "Jablonicky, Martin"]
[Result "0-1"]
[WhiteElo "2333"]
[BlackElo "2426"]
[PlyCount "72"]
[EventDate "2024.11.23"]
[EventType "team-tourn"]
[EventRounds "11"]
[EventCountry "SVK"]
[SourceTitle "CB14_2025"]
[SourceDate "2024.11.01"]
[SourceVersion "1"]
[SourceVersionDate "2024.11.01"]
[SourceQuality "1"]
[WhiteTeam "Liptov Chess School"]
[BlackTeam "Modra"]
[WhiteTeamCountry "SVK"]
[BlackTeamCountry "SVK"]

1. d4 f5 2. g3 Nf6 3. Bg2 e6 4. Nd2 d5 5. c4 c6 6. Nh3 Be7 7. 0-0 0-0 8. e3 b6 9. b3 a5 10. Bb2 Bd6 11. f3 c5 12. Re1 Nc6 13. Rc1 cxd4 14. cxd5 dxe3 15. Bxf6 Qxf6 16. dxc6 exd2 17. Qxd2 Bb4 18. Qe3 Bxe1 19. Rxe1 a4 20. b4 Ba6 21. Qxb6 Qc3 22. Qe3 Qxe3+ 23. Rxe3 Rad8 24. Nf2 Rd2 25. a3 Rc2 26. Nd3 Rc3 27. Bf1 Rxa3 28. Nc5 Rxe3 29. Bxa6 Rc3 30. Nxa4 Rxc6 31. Nc5 Rb8 32. Be2 Rxb4 33. Nd3 Rb1+ 34. Kf2 Rc2 35. h4 e5 36. Ke3 Kf8 0-1

[Event "Wch Blitz (Women)"]
[Site "New York"]
[Date "2024.12.30"]
[Round "10"]
[White "Jarocka, Liwia"]
[Black "Ouellet, Maili Jade"]
[Result "0-1"]
[WhiteElo "2261"]
[BlackElo "2386"]
[PlyCount "90"]
[EventDate "2024.12.30"]
[EventType "swiss (blitz)"]
[EventRounds "11"]
[EventCountry "USA"]
[SourceTitle "CB01_2025"]
[SourceDate "2025.01.01"]
[SourceVersion "1"]
[SourceVersionDate "2025.01.01"]
[SourceQuality "1"]

1. e4 c5 2. Nf3 Nc6 3. Bb5 e6 4. 0-0 Nge7 5. Re1 a6 6. Bf1 d5 7. exd5 Nxd5 8. d4 Nf6 9. Be3 Be7 10. dxc5 Qxd1 11. Rxd1 Nd5 12. Bd2 Bxc5 13. c4 Nf6 14. Nc3 0-0 15. a3 Rd8 16. Bg5 Be7 17. Na4 e5 18. Nb6 Rb8 19. h3 Be6 20. Re1 h6 21. Bh4 e4 22. Nh2 Rd2 23. b4 Rbd8 24. Rac1 Ra2 25. Bxf6 Bxf6 26. Nd5 Bd4 27. Rxe4 Bxf2+ 28. Kh1 Bxd5 29. cxd5 Nd4 30. Ng4 Nf5 31. Rf4 Ng3+ 32. Kh2 Nxf1+ 33. Rxf1 Bh4 34. Rxf7 Rxd5 35. Rxb7 Rdd2 36. Rc1 Rxg2+ 37. Kh1 Bg5 38. Rc8+ Kh7 39. Rcc7 Kg6 40. Rxg7+ Kh5 41. Rbf7 Rgd2 42. Rf1 Rxa3 43. Ra7 Rxh3+ 44. Kg1 Kxg4 45. Rxa6 Be3+ 0-1

[Event "Wch Blitz (Women)"]
[Site "New York"]
[Date "2024.12.30"]
[Round "7"]
[White "Ouellet, Maili Jade"]
[Black "Munkhzul, Davaakhuu"]
[Result "0-1"]
[WhiteElo "2386"]
[BlackElo "2138"]
[PlyCount "74"]
[EventDate "2024.12.30"]
[EventType "swiss (blitz)"]
[EventRounds "11"]
[EventCountry "USA"]
[SourceTitle "CB01_2025"]
[SourceDate "2025.01.01"]
[SourceVersion "1"]
[SourceVersionDate "2025.01.01"]
[SourceQuality "1"]

1. d4 Nf6 2. c4 e6 3. Nc3 Bb4 4. f3 d5 5. a3 Bxc3+ 6. bxc3 0-0 7. cxd5 exd5 8. e3 Bf5 9. Ne2 c6 10. g4 Bg6 11. Nf4 Qe7 12. h4 h5 13. g5 Nh7 14. Nxg6 fxg6 15. Bd3 Qd6 16. Ra2 Re8 17. Kf2 Nf8 18. Kg2 Nbd7 19. Qb3 c5 20. Bb1 cxd4 21. cxd4 Kh7 22. a4 Nb6 23. Ba3 Qe6 24. Bxf8 Rxf8 25. e4 Nc4 26. Re2 Rf4 27. Bd3 Raf8 28. exd5 Qxd5 29. Bxc4 Qxd4 30. Bd5 Rxh4 31. Rxh4 Qxh4 32. Qe3 Rf5 33. f4 Rxd5 34. Qe4 Qg4+ 35. Kf1 Rd1+ 36. Kf2 Qg1+ 37. Kf3 Rf1+ 0-1

[Event "Wch Blitz (Women)"]
[Site "New York"]
[Date "2024.12.30"]
[Round "11"]
[White "Ouellet, Maili Jade"]
[Black "Toncheva, Nadya"]
[Result "0-1"]
[WhiteElo "2386"]
[BlackElo "2298"]
[PlyCount "111"]
[EventDate "2024.12.30"]
[EventType "swiss (blitz)"]
[EventRounds "11"]
[EventCountry "USA"]
[SourceTitle "CB01_2025"]
[SourceDate "2025.01.01"]
[SourceVersion "1"]
[SourceVersionDate "2025.01.01"]
[SourceQuality "1"]

1. d4 d5 2. c4 c6 3. Nf3 Nf6 4. Nc3 dxc4 5. a4 Bf5 6. Ne5 Nbd7 7. Nxc4 Qc7 8. g3 e5 9. dxe5 Nxe5 10. Bf4 Nfd7 11. Bg2 f6 12. 0-0 g5 13. Bxe5 Nxe5 14. Ne3 Be6 15. a5 a6 16. Qc2 Be7 17. Ncd5 Qd6 18. Nb6 Rd8 19. Rfd1 Qc5 20. Rxd8+ Kxd8 21. Qd2+ Kc7 22. Rc1 Qd6 23. Qc2 Kb8 24. Nf5 Qc7 25. Nd5 Bxd5 26. Bxd5 Rd8 27. Be4 Bb4 28. Ne3 Qxa5 29. Bxh7 Rd2 30. Qb3 Bc5 31. Nc4 Nxc4 32. Qxc4 Bd6 33. b3 Qe5 34. Bd3 Bc7 35. Qg4 Rb2 36. Bc4 Bb6 37. Rf1 Ka7 38. Qd7 Qc7 39. Qe6 Bd4 40. Rd1 Qb6 41. e3 Be5 42. Rd7 a5 43. Qe7 Qb4 44. Qe8 Rb1+ 45. Kg2 Qe1 46. Kf3 Rd1 47. Qe7 Rxd7 48. Qxd7 Qh1+ 49. Ke2 Qxh2 50. Be6 Qh1 51. Qe7 Qe4 52. Bc8 Qb4 53. Qe6 a4 54. bxa4 Qxa4 55. Qf7 Qb5+ 56. Kf3 0-1

[Event "Wch Rapid (Women)"]
[Site "New York"]
[Date "2024.12.26"]
[Round "3"]
[White "Ouellet, Maili Jade"]
[Black "Padmini, Rout"]
[Result "1/2-1/2"]
[WhiteElo "2149"]
[BlackElo "2267"]
[PlyCount "63"]
[EventDate "2024.12.26"]
[EventType "swiss (rapid)"]
[EventRounds "11"]
[EventCountry "USA"]
[SourceTitle "CB01_2025"]
[SourceDate "2025.01.01"]
[SourceVersion "1"]
[SourceVersionDate "2025.01.01"]
[SourceQuality "1"]

1. d4 Nf6 2. c4 g6 3. Nc3 d5 4. cxd5 Nxd5 5. e4 Nxc3 6. bxc3 Bg7 7. Nf3 c5 8. Bb5+ Nc6 9. 0-0 0-0 10. Bxc6 bxc6 11. Qc2 cxd4 12. cxd4 Bg4 13. Ne5 Qxd4 14. Bb2 Qb6 15. Rab1 Bxe5 16. Bxe5 Qa5 17. Bc3 Qc5 18. Qb2 a5 19. Bd4 Qb4 20. Qa1 Qa4 21. Qc3 Rfd8 22. Bc5 Rd7 23. Qe5 f6 24. Qf4 Be6 25. Rb8+ Rxb8 26. Qxb8+ Kf7 27. Qh8 Qxe4 28. Qxh7+ Ke8 29. Qh8+ Kf7 30. Qh7+ Ke8 31. Qh8+ Kf7 32. Qh7+ 1/2-1/2

[Event "Charlotte Fall GM Alto"]
[Site "Charlotte"]
[Date "2024.11.25"]
[Round "6"]
[White "Stremavicius, Titas"]
[Black "Ouellet, Maili Jade"]
[Result "1/2-1/2"]
[WhiteElo "2545"]
[BlackElo "2352"]
[PlyCount "99"]
[EventDate "2024.11.22"]
[EventType "tourn"]
[EventRounds "9"]
[EventCountry "USA"]
[EventCategory "7"]
[SourceTitle "CB49_2024"]
[SourceDate "2024.12.04"]
[SourceVersion "1"]
[SourceVersionDate "2024.12.04"]
[SourceQuality "1"]

1. c4 e6 2. Nf3 d5 3. g3 Nf6 4. Bg2 Be7 5. d4 0-0 6. Nc3 dxc4 7. Ne5 Nc6 8. Bxc6 bxc6 9. Nxc6 Qe8 10. Nxe7+ Qxe7 11. Qa4 c5 12. dxc5 Qxc5 13. Be3 Qc7 14. f3 Bd7 15. Qa3 Rfc8 16. Rd1 Bc6 17. 0-0 Nd5 18. Bd4 Nxc3 19. Qxc3 Ba4 20. Rc1 f6 21. b3 Bb5 22. a4 Bd7 23. a5 e5 24. Be3 Be6 25. Rfd1 Qb7 26. b4 Rd8 27. Bc5 Rd7 28. Rxd7 Qxd7 29. a6 Qa4 30. Ra1 Qb3 31. Qe3 Qxe3+ 32. Bxe3 c3 33. Rc1 Bc4 34. Kf2 Bxa6 35. Rxc3 Bb5 36. g4 a6 37. g5 Rd8 38. h4 Kf7 39. h5 Rd7 40. Rc8 Rd1 41. Rc7+ Rd7 42. Rc1 Rd6 43. gxf6 gxf6 44. h6 Rd7 45. Rc8 Ke6 46. Rh8 Kf5 47. Bc1 Rc7 48. e4+ Ke6 49. Be3 f5 50. exf5+ 1/2-1/2

[Event "Charlotte Fall GM Alto"]
[Site "Charlotte"]
[Date "2024.11.22"]
[Round "2"]
[White "Ouellet, Maili Jade"]
[Black "Mitrabha, Guha"]
[Result "1/2-1/2"]
[WhiteElo "2352"]
[BlackElo "2511"]
[PlyCount "190"]
[EventDate "2024.11.22"]
[EventType "tourn"]
[EventRounds "9"]
[EventCountry "USA"]
[EventCategory "7"]
[SourceTitle "CB49_2024"]
[SourceDate "2024.12.04"]
[SourceVersion "1"]
[SourceVersionDate "2024.12.04"]
[SourceQuality "1"]

1. d4 e6 2. c4 f5 3. Nf3 Nf6 4. Nc3 Bb4 5. Qb3 a5 6. g3 b6 7. Bg2 Bb7 8. 0-0 Bxc3 9. Qxc3 0-0 10. b3 d6 11. Bb2 Nbd7 12. Rad1 Qe8 13. Ne1 Bxg2 14. Nxg2 Qf7 15. Qc2 a4 16. f3 axb3 17. axb3 Rfe8 18. Ra1 Qe7 19. Rxa8 Rxa8 20. Ra1 Rxa1+ 21. Bxa1 g6 22. Qa2 e5 23. Kf1 c5 24. dxe5 dxe5 25. Qa8+ Kf7 26. Qc6 Qe6 27. Qc7 Ke7 28. f4 Qd6 29. Qxd6+ Kxd6 30. Ne3 Ne4 31. Ke1 exf4 32. gxf4 Kc6 33. Kd1 b5 34. Kc2 Nb6 35. Be5 Nf2 36. Bf6 Nh3 37. Be5 Nd7 38. cxb5+ Kxb5 39. Nd5 Nf2 40. Bb2 Kc6 41. Nc3 Nf6 42. h4 Nd5 43. Nxd5 Kxd5 44. Kd2 Ke4 45. Be5 Ng4 46. Bd6 Kd5 47. Be7 c4 48. b4 Kc6 49. Kc3 Kb5 50. Kd4 Nf2 51. Kc3 Ne4+ 52. Kd4 Ng3 53. Ke3 Nf1+ 54. Kd4 Nd2 55. Kc3 Nb3 56. e3 Nc1 57. Kb2 Nd3+ 58. Kc3 Nf2 59. Bf8 Ne4+ 60. Kd4 Nf6 61. Bc5 Nh5 62. Bf8 Ng3 63. Kc3 Nf1 64. Bc5 Nh2 65. Be7 Nf3 66. Bf6 Ne1 67. Be7 Ng2 68. Kd4 h5 69. e4 Nxf4 70. exf5 gxf5 71. Bg5 Nd3 72. Bd2 f4 73. Ke4 Kc6 74. Bc3 Kb6 75. Bd2 Kb5 76. Kf3 Kc6 77. Ke4 Kd6 78. Bc3 Kd7 79. Bd2 Kc6 80. Bc3 Kb5 81. Bd2 Ka4 82. Kf3 Kb5 83. Ke4 Ka6 84. Kf3 Kb7 85. Ke4 Kc7 86. Kf3 Kd7 87. Ke4 Ke6 88. Bc3 Nc1 89. Bd2 Nd3 90. Bxf4 Nxb4 91. Kd4 c3 92. Bg5 Nd5 93. Bc1 c2 94. Kd3 Nb4+ 95. Kc3 Ke5 1/2-1/2

[Event "Olympiad Women-45"]
[Site "Budapest"]
[Date "2024.09.14"]
[Round "4.17"]
[White "Arakhamia Grant, Ketevan"]
[Black "Ouellet, Maili Jade"]
[Result "1-0"]
[WhiteElo "2263"]
[BlackElo "2318"]
[PlyCount "129"]
[EventDate "2024.09.11"]
[EventType "team-swiss"]
[EventRounds "11"]
[EventCountry "HUN"]
[SourceTitle "EXT 2025"]
[Source "ChessBase"]
[SourceDate "2024.10.14"]
[SourceVersion "1"]
[SourceVersionDate "2024.10.14"]
[SourceQuality "1"]
[WhiteTeam "Scotland (W)"]
[BlackTeam "Canada (W)"]
[WhiteTeamCountry "SCO"]
[BlackTeamCountry "CAN"]

1. e4 c6 2. d4 d5 3. Nd2 dxe4 4. Nxe4 Nf6 5. Nxf6+ exf6 6. c3 Bd6 7. Bd3 0-0 8. Qc2 Re8+ 9. Ne2 h5 10. Be3 Nd7 11. 0-0-0 Nf8 12. c4 h4 13. h3 Be6 14. Kb1 Rc8 15. Nc3 Bb4 16. Ne4 Be7 17. g4 b5 18. c5 Bd5 19. Rhe1 a5 20. f4 Ne6 21. Qd2 b4 22. f5 Nc7 23. Bf4 Bxe4 24. Rxe4 Bf8 25. Rxe8 Qxe8 26. g5 Nd5 27. gxf6 Nxf6 28. Qg2 Nd5 29. Bd2 Ne3 30. Bxe3 Qxe3 31. f6 Rd8 32. Qg4 g6 33. Bxg6 Qg3 34. Bf5+ Qxg4 35. Bxg4 Bh6 36. d5 cxd5 37. c6 Bf4 38. Bd7 Kh7 39. Rxd5 Bc7 40. Rg5 Kh6 41. Rg7 Rf8 42. Kc2 Be5 43. Rg4 Rb8 44. Kb3 Ra8 45. Ka4 Ra7 46. Kb5 Bg3 47. b3 Ra8 48. Kb6 Rb8+ 49. Kxa5 Ra8+ 50. Kb6 Rb8+ 51. Ka7 Kh5 52. Rg7 Rf8 53. Kb6 Rb8+ 54. Kc5 Ra8 55. Bg4+ Kh6 56. Rxf7 Rxa2 57. c7 Kg6 58. Re7 Kxf6 59. Re6+ Kg5 60. Rc6 Bxc7 61. Rxc7 Rc2+ 62. Kd6 Rc3 63. Be6 Rd3+ 64. Ke7 Kh6 65. Rc4 1-0

[Event "Francophonie-ch 10th"]
[Site "Quebec"]
[Date "2024.08.15"]
[Round "4"]
[White "Ouellet, Maili Jade"]
[Black "Rodrigue Lemieux, Shawn"]
[Result "1/2-1/2"]
[WhiteElo "2318"]
[BlackElo "2506"]
[PlyCount "30"]
[EventDate "2024.08.13"]
[EventType "swiss"]
[EventRounds "9"]
[EventCountry "CAN"]
[SourceTitle "EXT 2025"]
[Source "ChessBase"]
[SourceDate "2024.10.14"]
[SourceVersion "1"]
[SourceVersionDate "2024.10.14"]
[SourceQuality "1"]

1. d4 Nf6 2. c4 e6 3. Nc3 Bb4 4. e3 0-0 5. Bd3 d5 6. a3 Bxc3+ 7. bxc3 dxc4 8. Bxc4 c5 9. Ne2 Qc7 10. Bd3 Nc6 11. f4 b6 12. 0-0 Bb7 13. Ng3 Ne7 14. Qe2 Nf5 15. e4 Nxg3 1/2-1/2

[Event "Skalica op"]
[Site "Skalica"]
[Date "2024.08.09"]
[Round "8"]
[White "Paseka, Matyas"]
[Black "Ouellet, Maili Jade"]
[Result "1-0"]
[WhiteElo "2281"]
[BlackElo "2318"]
[PlyCount "85"]
[EventDate "2024.08.03"]
[EventType "swiss"]
[EventRounds "9"]
[EventCountry "SVK"]
[SourceTitle "CBM 221 Extra"]
[Source "ChessBase"]
[SourceDate "2024.09.30"]
[SourceVersion "1"]
[SourceVersionDate "2024.09.30"]
[SourceQuality "1"]

1. e4 c5 2. Nf3 Nc6 3. d4 cxd4 4. Nxd4 Nf6 5. Nc3 e5 6. Ndb5 d6 7. Bg5 a6 8. Na3 b5 9. Nd5 Be7 10. Bxf6 Bxf6 11. c3 Ne7 12. Nxf6+ gxf6 13. Nc2 Bb7 14. Bd3 d5 15. Qe2 f5 16. exf5 e4 17. f6 Nf5 18. f3 Qxf6 19. 0-0 Qb6+ 20. Rf2 Nd6 21. Nd4 0-0-0 22. Bc2 Rhe8 23. Rb1 Kb8 24. Qe3 Qc7 25. Bb3 Re7 26. fxe4 dxe4 27. Rf6 Ka8 28. a3 Rg8 29. Rh6 Nc4 30. Bxc4 Qxc4 31. Re1 Qa2 32. Nc6 Bxc6 33. Rxc6 Qxb2 34. Rxa6+ Kb8 35. g3 Rg6 36. Rxg6 hxg6 37. Qb6+ Rb7 38. Qd8+ Ka7 39. Qa5+ Kb8 40. Rd1 Rc7 41. Qb6+ Kc8 42. Qa6+ Rb7 43. Qa8+ 1-0